书目信息 |
| 题名: |
射频识别(FRID)技术(第二版)--无线电感应的应答器和非接触IC卡的原理与应用
|
|
| 作者: | Klaus Finkenzeller ;陈大才 编译 | |
| 分册: | ||
| 出版信息: | 北京 电子工业出版社 2006.06 |
|
| 页数: | 326页 | |
| 开本: | 26cm | |
| 丛书名: | ||
| 单 册: | ||
| 中图分类: | TN911.23 | |
| 科图分类: | ||
| 主题词: | 通信理论 | |
| 电子资源: | ||
| ISBN: | 7-5053-4576-1 | |
| 000 | 00794nam0 2200205 45 | |
| 001 | 0237829082 | |
| 005 | 2002052010302872 | |
| 010 | @a7-5053-4576-1@dRMB 42.00 | |
| 100 | @a20020520d2006 km y0chiy0120 ea | |
| 101 | 0 | @achi |
| 102 | @aCN@b110000 | |
| 200 | 1 | @a射频识别(FRID)技术(第二版)--无线电感应的应答器和非接触IC卡的原理与应用@AShe Pin Shi Bie(FRID)Ji Shu(Di Er Ban)--Wu Xian Dian Gan Ying De Ying Da Qi He Fei Jie Chu IC Ka De Yuan Li Yu Ying Yong@f(德)Klaus Finkenzeller@F(de)Klaus Finkenzeller@g陈大才编译@Gchen da cai bian yi |
| 210 | @a北京@c电子工业出版社@d2006.06 | |
| 215 | @a326页@d26cm | |
| 606 | 0 | @a通信理论 |
| 690 | @aTN911.23@v3 | |
| 701 | 0 | @aKlaus Finkenzeller@A |
| 702 | 0 | @a陈大才@Achen da cai@4编译 |
| 801 | 0 | @aCN@bPFT@c20020520 |
| 905 | @a安徽大学@dTN911.23@eK123 | |
| 射频识别(FRID)技术(第二版)--无线电感应的应答器和非接触IC卡的原理与应用/(德)Klaus Finkenzeller/陈大才编译.-北京:电子工业出版社,2006.06 |
| 326页;26cm |
| ISBN 7-5053-4576-1:RMB 42.00 |
| ● |
| 相关链接 |
|
|
|
正题名:射频识别(FRID)技术(第二版)--无线电感应
索取号:TN911.23/K123
 
预约/预借
| 序号 | 登录号 | 条形码 | 馆藏地/架位号 | 状态 | 备注 |
| 1 | 354805 | 203548054 | 自科库301/301自科库 34排2列3层/ [索取号:TN911.23/K123] | 在馆 | |
| 2 | 354806 | 203548063 | 自科库301/301自科库 34排2列3层/ [索取号:TN911.23/K123] | 在馆 |